000 00284nam a2200109Ia 4500
005 20251222153637.0
008 251222s9999||||xx |||||||||||||| ||spa||
082 _a868.901/S28
100 _a"Scarabotolo de Codina, Hilda (coord)"
245 0 _aPoesía brasileña colonial
942 _cLIB
999 _c32579
_d32579